ბათუმის შოთა რუსთაველის სახელმწიფო უნივერსიტეტის ბიბლიოთეკა

Understanding the European Union : (ბიბ.ჩანაწერი № 53725)

000 -LEADER
fixed length control field 00811nam a2200241Ia 4500
001 - CONTROL NUMBER
control field 20773
003 - CONTROL NUMBER IDENTIFIER
control field GE_BSU
005 - DATE AND TIME OF LATEST TRANSACTION
control field 20221111160405.0
008 - FIXED-LENGTH DATA ELEMENTS--GENERAL INFORMATION
fixed length control field 181216s2014||||enk|||||||||||||| ||eng||
020 ## - INTERNATIONAL STANDARD BOOK NUMBER
International Standard Book Number 9781137362322x
040 ## - CATALOGING SOURCE
Transcribing agency GE_BSU
041 ## - LANGUAGE CODE
Language code of text/sound track or separate title eng
080 ## - UNIVERSAL DECIMAL CLASSIFICATION NUMBER
Universal Decimal Classification number 327(4) M-10
100 ## - MAIN ENTRY--PERSONAL NAME
Personal name McCormick, John
9 (RLIN) 11121
245 ## - TITLE STATEMENT
Title Understanding the European Union :
Remainder of title A Concise Introduction /
Statement of responsibility, etc. John McCormick.
264 ## - PRODUCTION, PUBLICATION, DISTRIBUTION, MANUFACTURE, AND COPYRIGHT NOTICE
Place of production, publication, distribution, manufacture New York :
Name of producer, publisher, distributor, manufacturer Palgrave Macmillan,
Date of production, publication, distribution, manufacture, or copyright notice 2014.
300 ## - PHYSICAL DESCRIPTION
Extent 253 p. ;
Dimensions 23 cm.
500 ## - GENERAL NOTE
General note Bibl. : p. 234-247 ; Index. : p. 248-253
653 ## - INDEX TERM--UNCONTROLLED
keyword Understanding the European Union : A Concise Introduction
653 ## - INDEX TERM--UNCONTROLLED
keyword Понимание Европейского Союза : краткое введение
653 ## - INDEX TERM--UNCONTROLLED
keyword ევროკავშირი
942 ## - ADDED ENTRY ELEMENTS (KOHA)
Koha item type წიგნი
Source of classification or shelving scheme
ეგზემპლარები
Withdrawn status Lost status Source of classification or shelving scheme Damaged status Not for loan Permanent Location Current Location Shelving location Date acquired Cost, normal purchase price Full call number Barcode Date last seen Copy number Price effective from Koha item type Public note
          ბათუმის შოთა რუსთაველის სახელმწიფო უნივერსიტეტის მთავარი ბიბლიოთეკა ბათუმის შოთა რუსთაველის სახელმწიფო უნივერსიტეტის მთავარი ბიბლიოთეკა წიგნსაცავი 2018-12-17 111.00 327(4) M-10 54129 2018-12-17 54129 2018-12-17 წიგნი 111.00 GEL.
          ბათუმის შოთა რუსთაველის სახელმწიფო უნივერსიტეტის მთავარი ბიბლიოთეკა ბათუმის შოთა რუსთაველის სახელმწიფო უნივერსიტეტის მთავარი ბიბლიოთეკა წიგნსაცავი 2018-12-17 111.00 327(4) M-10 54130 2018-12-17 54130 2018-12-17 წიგნი 111.00 GEL.